• 首页
  • 本馆介绍
  • 公告通知
  • 最新文献
  • 馆藏检索
  • 电子资源
  • 读者导购
  • 参考咨询
  • 我的图书馆
  • 登录
  • 详细信息显示
  • 放入我的书架
  • 预约/预借图书
  • 作者相关作品
  • 分类相关作品
  • 丛书相关作品
  • 出版社相关作品

书目信息

  • 表格格式
  • 工作单格式
  • 卡片格式
题名:
上市银行价值分析
    
 
作者: 潘功胜 著
分册:  
出版信息: 北京   中国金融出版社  2011
页数: 255页
开本: 24cm
丛书名: 商业银行战略管理丛书
单 册:
中图分类: F830.33
科图分类:
主题词: 商业银行--价值论--研究 , 商业银行 , 价值论
电子资源:
ISBN: 978-7-5049-5801-3
000 01001nam0 22003011 450
001 523
005 20140909102151.67
010    @a978-7-5049-5801-3@dCNY45.00
100    @a20110425d2011 em y0chiy50 ea
101 0  @achi
102    @aCN@b110000
105    @ay z 000yy
106    @ar
200 1  @a上市银行价值分析@AShang Shi Yin Hang Jia Zhi Fen Xi@f潘功胜著@FPan Gong Sheng Zhu
210    @a北京@c中国金融出版社@d2011
215    @a255页@d24cm
225 2  @a商业银行战略管理丛书
312    @a封面英文题名:Listed bank valuation
330    @a本书分为八章,内容包括:上市银行价值分析的理论和方法、上市银行价值分析框架与模型、上市银行的盈利预测、影响上市银行盈利成长的因素分析等。
461  0 @12001 @a商业银行战略管理丛书
510 1  @aListed bank valuation@zeng
606 0  @a商业银行@x价值论@x研究
606 0  @a商业银行
606 0  @a价值论
690    @aF830.33@v5
701  0 @a潘功胜@APan Gong Sheng@4著
801  0 @aCN@bTANGWEI@c20140603
905    @b0836859-61@dF830.33@e236@f3
    
    上市银行价值分析/潘功胜著.-北京:中国金融出版社,2011
    255页;24cm.-(商业银行战略管理丛书)
    
    
    ISBN 978-7-5049-5801-3:CNY45.00
    本书分为八章,内容包括:上市银行价值分析的理论和方法、上市银行价值分析框架与模型、上市银行的盈利预测、影响上市银行盈利成长的因素分析等。
●
相关链接 在E读中查询图书 在五车中查询图书 在当当中查询图书 在豆瓣中查询图书


正题名:上市银行价值分析     索取号:F830.33/236         预约/预借

序号 登录号 条形码 馆藏地/架位号 状态 备注
1 0836859   208368595   第一样本阅览室/ [索取号:F830.33/236] 在馆    
2 0836860   208368602   第一借阅区/ [索取号:F830.33/236] 在馆    
3 0836861   208368611   密集书库-海洋学院/ [索取号:F830.33/236] 在馆    
唐山师范学院图书馆 欢迎您!
大连网信软件有限公司© 版权所有